000
00275nam a22001217a 4500
008
171030b xxu||||| |||| 00| 0 eng d
041
_a
eng
080
_a
336
100
_a
56
101
_a
FIN
245
_a
WHAT THE IRS DOESN'T WANT YOU TO KNOW
_c
KAPLAN,M
942
_2
udc
_c
BK
999
_c
36323
_d
36323